|
|
|
|
| LEADER |
00000nam a22000007a 4500 |
| 005 |
20190910220858.0 |
| 007 |
cr|||| |||| |
| 008 |
190910s2018 br |||||s|||| 00||0 por d |
| 020 |
|
|
|a 978-85-8085-110-6
|
| 035 |
|
|
|a 30227
|
| 040 |
|
|
|a vLex
|
| 090 |
|
|
|c 9456
|d 9456
|
| 100 |
1 |
|
|a Menezes Farineli, Alexsandro
|
| 245 |
1 |
0 |
|a Reforma trabalhista comentada
|h [Recurso electrn̤ico] /
|c Alexsandro Menezes Farineli, Sandra Felix Correia
|
| 256 |
|
|
|a Servicio en ln̕ea
|
| 260 |
|
|
|a San Pablo:
|b Editora Mundo Jurd̕ico,
|c 2018
|
| 300 |
|
|
|a 1 recurso electrn̤ico
|
| 500 |
|
|
|a A reforma trabalhista chocou a comunidade jurd̕ica pela rapidez em sua aprovaȯ̂ e ausn̊cia de oportunidade para a sociedade conhecer e debater seu conted︢o.
|
| 506 |
1 |
|
|a Disponible solo en los productos indicados
|d vLex Global
|d vLex Global (Academic Edition, excluding Law Schools)
|d vLex Global (U.S. Academic Edition, Law Schools)
|d vLex Global (U.S. Academic Edition, excluding Law Schools)
|d vLex Global (Academic Edition, Law Schools)
|
| 650 |
0 |
4 |
|a Derecho Laboral y Seguridad Social
|z Brasil
|
| 700 |
1 |
|
|a Correia, Sandra Felix
|
| 740 |
0 |
|
|a vLex Libros (Servicio en ln̕ea)
|
| 856 |
4 |
0 |
|u http://vlex.com/source/reforma-trabalhista-comentada-30227
|z Acceso restringido
|
| 942 |
|
|
|c BOOK
|
| 999 |
0 |
|
|a Labor law and social security
|